Docere (Record no. 207992)

MARC details
000 -CABECERA
campo de control de longitud fija 01239cas a2200277 a 4500
005 - FECHA Y HORA DE LA ÚLTIMA TRANSACCIÓN
campo de control 20251013132408.0
006 - ELEMENTOS DE LONGITUD FIJA – CARACTERÍSTICAS DE MATERIALES ADICIONALES – INFORMACIÓN GENERAL
campo de control de longitud fija s|||||o|||| 00| 0
008 - ELEMENTOS DE LONGITUD FIJA--INFORMACIÓN GENERAL
campo de control de longitud fija 991125c2009 mx fr p|o 000 00spa d
022 ## - NÚMERO INTERNACIONAL NORMALIZADO PARA PUBLICACIONES SERIADAS
Número Internacional Normalizado para Publicaciones Seriadas 2683-2526
035 ## - NÚMERO DE CONTROL DEL SISTEMA
Número de control de sistema UPN01000235897
040 ## - FUENTE DE LA CATALOGACIÓN
Centro catalogador/agencia de origen MX-MxUPN
Lengua de catalogación spa
Normas de descripción aacr2
049 ## - COLECCIÓN
Colección REV-E
245 10 - MENCIÓN DE TÍTULO
Título Docere
Medio [recurso electrónico en línea]
260 ## - PUBLICACIÓN, DISTRIBUCIÓN, ETC.
Lugar de publicación, distribución, etc. Aguascalientes, México :
Nombre del editor, distribuidor, etc. Universidad Autónoma de Aguascalientes. Departamento de Formación y Actualización Académica,
Fecha de publicación, distribución, etc. 2009-
310 ## - FRECUENCIA ACTUAL DE LA PUBLICACION
Periodicidad actual Semestral
506 0# - NOTA DE RESTRICCIONES AL ACCESO
Limitaciones de acceso Acceso abierto
510 1# - NOTA DE CITAS O REFERENCIAS BIBLIOGRÁFICAS
Nombre de la fuente Latindex
510 1# - NOTA DE CITAS O REFERENCIAS BIBLIOGRÁFICAS
Nombre de la fuente Dialnet
520 1# - NOTA DE RESUMEN, ETC.
Sumario, etc. Es una publicación que abarca artículos que contribuyen al desarrollo de conocimientos, habilidades, actitudes y valores en profesores de secundaria y superior para que puedan afrontar su práctica de acuerdo con los retos del contexto actual, principalmente relacionados con la planificación, implementación, seguimiento y evaluación de la enseñanza y el aprendizaje, y de la propia práctica educativa.
650 #4 - ASIENTO SECUNDARIO DE MATERIA - TERMINO TEMATICO
Término de materia o nombre geográfico como elemento de entrada Educación
9 (RLIN) 682
650 #4 - ASIENTO SECUNDARIO DE MATERIA - TERMINO TEMATICO
Término de materia o nombre geográfico como elemento de entrada Proceso enseñanza-aprendizaje
9 (RLIN) 42
856 4# - LOCALIZACIÓN Y ACCESO ELECTRÓNICOS
Identificador Uniforme del Recurso <a href="https://revistas.uaa.mx/docere">https://revistas.uaa.mx/docere</a>
902 ## - ELEMENTOS DE DATOS B LOCAL, LDB (RLIN)
Creó Gloria Jiménez/131025
905 ## - TIPO DE MATERIAL
Tipo de material Revista
942 ## - ELEMENTOS DE PUNTO DE ACCESO ADICIONAL (KOHA)
Tipo de ítem Koha Revista Electrónica
Holdings
Estado de retiro Estado de pérdida Estado dañado No para préstamo Código de colección Localización permanente Ubicación/localización actual Ubicación en estantería Fecha de adquisición Total de préstamos Fecha visto por última vez Identificador Uniforme del Recurso Precio válido a partir de Tipo de ítem Koha
        Acceso abierto Bib. Gregorio Torres Quintero Bib. Gregorio Torres Quintero En línea 09/12/2022   09/12/2022 https://revistas.uaa.mx/docere 09/12/2022 Revista Electrónica